000 00719nam a22002537a 4500
001 BR6005309
003 BR-BrBNA
005 20230928095640.0
007 ta
008 230509b bl.||||| |||| 00| 0 por d
040 _aBR-BrBNA
_bpor
_cBiblioteca Nacional de Agricultura
041 _a(Por)
072 _aD50
090 _ D50 BR6005309
110 1 _aCamara dos Deputados, Rio de Janeiro, GB (Brasil). Comissao de Constituicao e Justica
_91325
245 1 _aParecer do Deputado Eduardo Duvivier
260 3 _aRio de Janeiro, GB (Brasil):
_c1951.
300 _a36 p.
650 _aLegislacao
650 _aAssistencia Social
650 _aZona Rural
909 _a202309
_bLucia
_c55
_dLucia Elande
942 _cBK
999 _c57860
_d57860